Statistics for The Boxcar Children

Click here to take the quiz!

General Stats

  • This quiz has been taken 7 times
  • The average score is 9 of 19

Answer Stats

#Answer% Correct
1The Boxcar Children
100%
3The Yellow House Mystery
100%
5Mike's Mystery
75%
4Mystery Ranch
75%
2Surprise Island
75%
19Benny Uncovers a Mystery
50%
12Houseboat Mystery
50%
17Mystery Behind the Wall
50%
10Schoolhouse Mystery
50%
8The Lighthouse Mystery
50%
14Tree House Mystery
50%
15Bicycle Mystery
25%
6Blue Bay Mystery
25%
18Bus Station Mystery
25%
11Caboose Mystery
25%
9Mountain Top Mystery
25%
16Mystery in the Sand
25%
13Snowbound Mystery
25%
7The Woodshed Mystery
25%

Score Distribution

Percentile by Number Answered

Percent of People with Each Score

Your Score History

You have not taken this quiz